000 00646nam a2200253Ia 4500
003 OSt
005 20220912150421.0
006 a|||||r|||| 00| 0
007 ta
008 220909b |||||||| |||| 00| 0 eng d
024 _a36220
037 _cTextual
040 _aCSL
_beng
_cCSL
041 _aeng
082 _aD65,8(B):3, M2
245 0 _aMC68000: 16-Bit microprocessor
250 _a3
260 _aEnglewood
_bCliffs Printece Hall
_c1982
300 _axv,231p.
_ccm.
650 _a Electronic data processing
650 _aComputer science
942 _hD65,8(B):3, M2
_cTEXL
_2CC
999 _c47118
_d47118